000 00740nam a2200241 i 4500
003 DO-SdBNP
005 20250115094941.0
007 ta
008 250115b1980 dr ||||| |||| 00| 0 spa d
040 _aDO-SdBNP
_bspa
_cBNPHU
_erda
082 4 _axxx
_bR426r
_222
100 _91143
110 _aRepública Dominicana.
_bBanco De Reservas
_986894
245 1 3 _aReglamento del fondo de retiro y pensiones :
_blea este folleto cuidadosamente y conservelo
264 4 _aSanto Domingo :
_bBanco De Reservas,
_c1980
300 _a17 páginas ;
_c21 cm.
336 _atexto
_btxt
_2rdacontent
337 _asin mediación
_bn
_2rdamedia
338 _avolumen
_bnc
_2rdacarrier
590 _aInventariado, 2025/DG
910 _aDG
942 _2ddc
_cLF2
999 _c58062
_d58062